000 00631nam 22002053 4500
001 201417
010 _a972-27-1512-7
021 _aPT
_b246329/06
090 _a201417
100 _a20260319d u||y0pory50 ba
200 _aO seu a seu poema: 1959-2002
_fJosé Valle de Figueiredo
210 _aLisboa
_cImprensa Nacional-Casa da Moeda
_d2006
215 _a340 p.
_cbrochado
_d24 cm
225 _aBiblioteca de autores portugueses
606 _93661
_aCrítica Literária.Estudos Literários
675 _a82.09
_vPT
_zpor
700 _916925
_aFigueiredo
_bJosé Valle de
_f1942-
801 _aPT
_bBMMN
_gRPC
830 _cVanda
990 _cLIVROS